Intercambios trasandinos, historias del arte entre Argentina y Chile

Tallennettuna:
Bibliografiset tiedot
Päätekijä: Dolinko, Silvia (editora)
Muut tekijät: Risco, Ana María (editora), Vidal Valenzuela, Sebastián (Toimittaja)
Aineistotyyppi: Tuntematon
Kieli:englanti
Julkaistu: Santiago, Chile: Universidad Alberto Hurtado, 2022
Sarja:Discusiones. Colección Arte
Aiheet:
Tagit: Lisää tagi
Ei tageja, Lisää ensimmäinen tagi!

MARC

LEADER 00000 a2200000 4500
003 CL-VaPUC
005 20240529104441.0
008 240516t2022 ||||| |||| 00| 0 eng d
999 |c 443675  |d 443673 
020 |a 9789563573695 
040 |c Pontificia Universidad Católica de Valparaíso 
082 |2 22  |a 709 DOL 2022 
100 |a Dolinko, Silvia  |e editora  |9 888993 
245 1 0 |a Intercambios trasandinos, historias del arte entre Argentina y Chile 
260 |a Santiago, Chile:  |b Universidad Alberto Hurtado,  |c 2022 
300 |a 502 páginas:  |b ilustraciones 
490 0 |a Discusiones.  |a Colección Arte 
583 |k GC  |c 20240516 
650 1 |a Historia del arte chileno  |9 459885 
650 1 |a Historia del arte argentino  |9 888994 
700 |a Risco, Ana María  |e editora  |9 888995 
700 |a Vidal Valenzuela, Sebastián   |e editor  |9 888996 
942 |2 ddc  |c BK 
952 |0 0  |1 0  |2 ddc  |4 0  |6 709_000000000000000_DOL_2022  |7 0  |8 A  |9 594714  |a BIBART  |b BIBART  |d 2024-05-14  |e 45  |g 20000.00  |i 5661392  |o 709 DOL 2022  |p 5661392  |r 2025-03-13  |t 1  |v 20000.00  |w 2024-05-14  |y BK  |k ART